=LDR 00000nam 2200000 4500 =001 INLIS000000000023554 =005 20130612122217 =008 ***********************************Ind** =035 ##$$0010-061300000023554 =041 ##$$a Ind =082 ##$$a 301 =090 ##$$a 301, Kun p =100 ##$$a Koentjaraningrat =245 ##$$a Pengantar ilmu antropology, Koentjaraningrat =260 ##$$a 1990 $b Jakarta =300 ##$$a viii, 391 hlm, ilus, 21 cm =650 ##$$a Antropology =850 ##$$a NBPNMAT